| 000 | 00409nam a22001577a 4500 | ||
|---|---|---|---|
| 003 | OSt | ||
| 005 | 20211004180323.0 | ||
| 008 | 211004b |||||||| |||| 00| 0 eng d | ||
| 020 | _a0071106934 | ||
| 040 | _cHU | ||
| 082 | _a330.0151 | ||
| 100 |
_a Chiang, Alpha C. _d 1927-; _99741 |
||
| 245 | _a Fundamental methods of mathematical economics | ||
| 300 |
_axix688 _bpc _c24cm |
||
| 942 |
_2ddc _cBOOKS _n0 |
||
| 999 |
_c9195 _d9195 |
||